000 00586nam a2200181 4500
008 171003b xxu||||| |||| 00| 0 eng d
020 _a0-02-403872-5
082 _21994
_aDC 519.2
_bR73
100 _922921
_aRoss, Sheldon M
245 _aA first course in probability /
_cSheldon Ross.
250 _aFourth Edition
260 _aNew York:
_bMacMillan College Publishing Company,
_c©1994.
300 _axv, 473 pages:
_billustrations;
_c24 cm.
500 _aIncludes index.
650 0 _922922
_aProbabilities -- Problems, exercises, etc
365 _b3,824.00
_cPhp
942 _2ddc
_cDC
999 _c7584
_d7584